| 000 | 00957nam a2200289 i 4500 | ||
|---|---|---|---|
| 003 | EG-GICUC | ||
| 005 | 20260121101731.0 | ||
| 008 | 260117s1989 it ||||fr ||| 00| 0 ita d | ||
| 040 |
_aEG-GICUC _cEG-GICUC _dEG-GICUC _erda _beng |
||
| 041 | 0 | _aita | |
| 082 | 0 | 4 |
_221 _a341.3 _bCA . T |
| 092 | 0 | 4 | _221 |
| 099 | _aLaw1 11 341.3 CA . T 1989 | ||
| 100 | 1 |
_aGiuridici,Profili _eAuthor. |
|
| 245 | 1 | 2 |
_aTraffici Marittimi, Zona Economica Esclusiva E Cooperazione Transfrontaliera Nei Mari Chiusi E Semichiusi _cGuido Camarda . |
| 264 | 0 |
_aItaly : _bLega Navale Italiana , _c1989 . |
|
| 300 |
_a104 Pages; _c30 cm. |
||
| 336 |
_atext _2rda content |
||
| 337 |
_aComputer _2rda media |
||
| 338 |
_aOnline Resource _2rda carrier |
||
| 546 | _a Text in Italian | ||
| 650 | 0 | 4 | _aDiritto internazionale pubblico |
| 650 | 0 | 4 | _aRelazioni internazionali |
| 856 | _uhttps://fll.law.cu.edu.eg/fulltext/th/B11-06819.pdf | ||
| 905 | _a59 | ||
| 942 |
_2ddc _cBK _e21 _n0 |
||
| 999 |
_c57327 _d57327 |
||